<?xml version="1.0" encoding="UTF-8"?>
<record
    xmlns:xsi="http://www.w3.org/2001/XMLSchema-instance"
    xsi:schemaLocation="http://www.loc.gov/MARC21/slim http://www.loc.gov/standards/marcxml/schema/MARC21slim.xsd"
    xmlns="http://www.loc.gov/MARC21/slim">

  <leader>03246nab a2200265 i 4500</leader>
  <controlfield tag="003">BR-BrBNA</controlfield>
  <controlfield tag="005">20240815132402.0</controlfield>
  <controlfield tag="008">240815b2017    bl.qr|pooa||| 00| 0 por |</controlfield>
  <datafield tag="040" ind1=" " ind2=" ">
    <subfield code="a">BR-BrBNA</subfield>
    <subfield code="b">por</subfield>
  </datafield>
  <datafield tag="072" ind1=" " ind2=" ">
    <subfield code="a">S01</subfield>
  </datafield>
  <datafield tag="100" ind1=" " ind2=" ">
    <subfield code="a">Santos, A.T.</subfield>
  </datafield>
  <datafield tag="100" ind1=" " ind2=" ">
    <subfield code="a">Lopes, M.M.P.</subfield>
  </datafield>
  <datafield tag="100" ind1=" " ind2=" ">
    <subfield code="a">Lacerda, G.A.</subfield>
  </datafield>
  <datafield tag="245" ind1=" " ind2=" ">
    <subfield code="a">Fitoter&#xE1;picos e nutrac&#xEA;uticos mais vendidos para o tratamento da obesidade nas drogarias e farm&#xE1;cias da cidade de Porteirinha, MG</subfield>
  </datafield>
  <datafield tag="500" ind1=" " ind2=" ">
    <subfield code="a">Publica&#xE7;&#xE3;o on-line; 31 ref.; 2 tables; Summaries (En, Pt)</subfield>
  </datafield>
  <datafield tag="520" ind1=" " ind2=" ">
    <subfield code="a">

RESUMO: 

O diagn&#xF3;stico da obesidade na popula&#xE7;&#xE3;o vem crescendo contemporaneamente
no mundo todo sendo acompanhado pela busca por m&#xE9;todos que auxiliam na perda de
peso atrav&#xE9;s do uso de plantas medicinais, fitoter&#xE1;picos e nutrac&#xEA;uticos. Devido a esta
doen&#xE7;a surgir por diversos motivos percebe-se o aumento da necessidade de tratamentos
eficazes onde estas subst&#xE2;ncias apresentam reconhecida atua&#xE7;&#xE3;o. Dessa forma, atrav&#xE9;s de
uma pesquisa explorat&#xF3;ria, descritiva e de abordagem quantitativa, buscou-se conhecer os
fitoter&#xE1;picos e nutrac&#xEA;uticos mais vendidos nas drogarias e farm&#xE1;cias da cidade de Porteirinha,
MG. Al&#xE9;m disso, esse estudo realizou uma an&#xE1;lise dessas formula&#xE7;&#xF5;es com as descri&#xE7;&#xF5;es
t&#xE9;cnicas cientificas de cada uma a fim de verificar a aplica&#xE7;&#xE3;o efetiva de cada medicamento.
Os resultados s&#xE3;o &#xFA;teis para os profissionais da sa&#xFA;de, em especial os nutricionistas, que
poder&#xE3;o utilizar estas informa&#xE7;&#xF5;es de forma cl&#xED;nica de tratamento para um resultado mais
eficiente.

Palavras-chave: Plantas Medicinais. Fitoterapia. Droga Vegetal. </subfield>
  </datafield>
  <datafield tag="520" ind1=" " ind2=" ">
    <subfield code="a">

ABSTRACT: 

Herbal and nutraceutical more sold for the treatment of obesity in drugstores
and pharmacies in the city of Porteirinha, MG. The diagnosis of obesity in the population
is growing simultaneously worldwide is accompanied by the search for methods that help in
weight loss through the use of medicinal plants, herbals and nutraceuticals. Because of this
disease arise for various reasons it is clear the increasing need for effective treatments where
these substances have recognized expertise. Thus, through an exploratory, descriptive and
quantitative approach research, we sought to know the herbal and nutraceuticals more sold
in drugstores and pharmacies in the city of Porteirinha, MG. In addition , this study conducted
an analysis of these formulations with the scientific technical descriptions of each in order to
verify the actual use of each drug. The results are useful for health professionals, especially
dietitians , who can use this information in clinical form of treatment for a more efficient result.

Keywords: Medicinal Plants. Phytotherapy. Drug Plant .</subfield>
  </datafield>
  <datafield tag="650" ind1=" " ind2=" ">
    <subfield code="a">PLANTA MEDICINAL</subfield>
  </datafield>
  <datafield tag="650" ind1=" " ind2=" ">
    <subfield code="a">FITOTERAPIA</subfield>
  </datafield>
  <datafield tag="650" ind1=" " ind2=" ">
    <subfield code="a">PLANTA PRODUTORA DE DROGA</subfield>
  </datafield>
  <datafield tag="773" ind1="0" ind2=" ">
    <subfield code="0">3543</subfield>
    <subfield code="9">317175</subfield>
    <subfield code="d">Botucatu-SP Instituto de Bioci&#xEA;ncias - Departamento de Qu&#xED;mica e Bioqu&#xED;mica 1998</subfield>
    <subfield code="o">2024-3799</subfield>
    <subfield code="t">Revista Brasileira de Plantas Medicinais (Brazil)</subfield>
    <subfield code="x">1516-0572</subfield>
    <subfield code="g">v. 19(3) p. 444-451; (2017)</subfield>
    <subfield code="w">BR2024002133</subfield>
  </datafield>
  <datafield tag="856" ind1=" " ind2=" ">
    <subfield code="u">https://www.sbpmed.org.br/admin/files/papers/file_BxK2FwbNfEA4.pdf</subfield>
  </datafield>
  <datafield tag="942" ind1=" " ind2=" ">
    <subfield code="c">Anal&#xED;tica</subfield>
  </datafield>
  <datafield tag="999" ind1=" " ind2=" ">
    <subfield code="c">300905</subfield>
    <subfield code="d">300905</subfield>
  </datafield>
</record>
